Statistics for Italian waters quiz

Click here to take the quiz!

General Stats

  • This quiz has been taken 26 times
  • The average score is 9 of 17

Answer Stats

HintAnswer% Correct
What is the longest river in Italy?Po
81%
This tributary goes through Lake ____.Como
77%
On what sea is Italy located?Mediterranean
77%
What section of this sea is located to the east of Italy?Adriatic sea
73%
Lake _____ is the largest lake in Italy.Garda
69%
What is the main river flowing through Tuscany?Arno
58%
What section of this sea is shared with Greece and Albania?Ionian sea
58%
Lake ________ is shared between Italy and Switzerland.Maggiore
58%
What river flows through the capital, Rome?Tevere
58%
On what section of this sea is Naples located?Tyrrhenian sea
58%
What is the second longest river in Italy?Adige
54%
The lagoon of ______ is the largest in Italy and shares the name with a city.Venice
54%
What other section of this sea takes its name from an italian region?Ligurian sea
42%
What is the main city crossed by this river?Verona
38%
What is the main tributary of this river?Adda
35%
The Gulf of ______, where the omonym city is located, is the largest in the country.Taranto
27%
What is the longest river in Sicily?Simeto
12%

Score Distribution

Percentile by Number Answered

Percent of People with Each Score

Your Score History

You have not taken this quiz